000 00500nam a22001695i 4500
001 54126
003 ES-MaACL
007 t|
008 960711s1860 fr ||||1| fre d
040 _aCAM
_bspa
_cCAM
100 0 _aFéval, Paul,
_d1816-1887
_950646
245 1 3 _aLe berceau de Paris /
_cPaul Féval.
260 _aParis :
_bLibrairie nouvelle, A. Bourdilliat et Cie éditeurs,
_c1860.
300 _a[4], 318 p. ;
_c19 cm.
852 _aES-MaACL
_jG-7397
999 _c54126
_d54126